000 00831nam a2200217Ia 4500
001 8433
003 GE_BSU
008 181216s||||||||xx |||||||||||||| ||und||
040 _cGE_BSU
080 _a821.353.1
100 _aვაჟა-ფშაველა
245 _aრჩეული.
245 _cრედ: ალექსანდრე აბაშელი და აკაკი შაინიძე. მოქანდაკე ბ. ავალიშვილი.
260 _aთბილისი.
260 _bსახელმწიფო გამომცემლობა.
260 _c1953
300 _a399 გვ; 25 სმ.
300 _bვაჟა–ფშაველას პორტრეტი (ხეზე ამოჭრილი)
653 _aრჩეული.
942 _cBK
999 _c41752
_d41752